000 00736nam a22001337a 4500
040 _cRUA
082 _aAGR PHO 2017 B633 Or.1
100 _aPHOK NGEAB ផុក​ ងៀប
245 _aeffect of different rate of nitrogen fertilizer on green mustard in kbal koh vegetable station ការប្រៀបធៀបជីអ៊ុយរ៉េក្នុងកម្រិតផ្សេងៗគ្នាលើដំណាំស្ពៃខៀវក្នុងស្ថានីពិសោធន៍ពូជបន្លែក្បាលកោះ
260 _aRUA
_bPhnom penh
_c2017
300 _aix;37p
_bill;
_c29cm
856 _uhttps://drive.google.com/file/d/11LwnFfJAcU-MnYypLI_ltRLNHy5XSNmO/view?usp=sharing
942 _cAGR
999 _c17964
_d17964